000 00547nam a2200217Ia 4500
003 0100
008 130303s9999 xx 000 0 und d
020 _a0879754745
040 _cARRUPELIB
050 _aBJ55.M594 1988
245 _aMorality and the law
260 _aNew York
260 _bWadsworth Publishing Company , Inc.
260 _C1971
300 _a148p.
300 _b 24cm.
440 _aContemporary Issues in Philosophy
650 _aETHICS
700 _aBaird , Robert M ; Rosenbaum , Staurt E. (eds.)
942 0 0 _01
999 _c21872
_d21872